000 00648nas a2200229 4500
001 BR7305401
003 BR-BrBNA
005 20231205082526.0
007 ta
008 230509b bl.|||p| |||| 00| 00por d
040 _aBR-BrBNA
_bpor
_cBiblioteca Nacional de Agricultura
041 _a(Pt)
072 _aL00
100 1 _aAlves Netto, F.
245 1 _aOs pesos da raca Chianina
650 _aPRODUCAO ANIMAL
650 _aGADO DE CORTE
650 _aGADO CHIANINO
773 0 _tRevista dos Criadores (Brazil)
_xISSN 0034-9259
_g(Sep 1977), v. 47(572) p. 15-18
_wBR7305401
909 _a202311
_bLúcia
_c55
_dLúcia Elande
942 _2AGRIS
_n0
_cANA
999 _c92531
_d92531